000 00565nam a2200181Ia 4500
003 OSt
005 20250714105530.0
008 210210b1995 xxu||||| |||| 00| 0 eng d
040 _cAL
082 _aK894.1 SHAN
100 _aSHAILINI SHRINIVASA
_dಶಾಲಿನಿ ಶ್ರೀನಿವಾಸ
_9218559
245 _aNijavenu geleya a hasiru tota.
_bನಿಜವೇನು ಗೆಳೆಯ ಆ ಹಸಿರು ತೋಟ
260 _aSagara
_bAkshara Prakashana
_c1995
300 _axii,82
690 _aKannada Poetry
_9218560
906 _a050756
942 _2ddc
_cBK
999 _c99420
_d99420